[Event "Ruhrgebiet Regionalliga 1112"]
[Site "Nordrheinwestfalen"]
[Date "2012.02.19"]
[Round "7.1"]
[White "Niermann, Michael"]
[Black "Strathoff, Jens"]
[Result "1/2-1/2"]
[WhiteElo "2182"]
[BlackElo "2092"]
[PlyCount "50"]
[EventDate "2011.09.25"]
[EventType "team-tourn"]
[EventRounds "9"]
[EventCountry "GER"]
[SourceTitle "EXT 2020"]
[Source "ChessBase"]
[SourceDate "2019.10.17"]
[SourceVersion "1"]
[SourceVersionDate "2019.10.17"]
[SourceQuality "1"]
[WhiteTeam "Bochum SG III"]
[BlackTeam "Brackel SF"]
[WhiteTeamCountry "GER"]
[BlackTeamCountry "GER"]

1. Nf3 d5 2. g3 Nf6 3. Bg2 g6 4. 0-0 Bg7 5. d3 0-0 6. Nbd2 c5 7. e4 Nc6 8. c3 Qc7 9. Qb3 dxe4 10. Nxe4 Nxe4 11. dxe4 e5 12. Be3 b6 13. Rfd1 Be6 14. Qb5 Rad8 15. b3 Rd6 16. Ng5 Bd7 17. Rxd6 Qxd6 18. Qf1 h6 19. Rd1 Qe7 20. Nf3 Bg4 21. h3 Bc8 22. Qb5 Rd8 23. Rd2 Rxd2 24. Nxd2 Nb8 25. Qd3 Qd7 1/2-1/2

[Event "Ruhrgebiet Regionalliga 1112"]
[Site "Nordrheinwestfalen"]
[Date "2012.01.15"]
[Round "6.2"]
[White "Niermann, Michael"]
[Black "Kilian, Ralf"]
[Result "1/2-1/2"]
[WhiteElo "2182"]
[BlackElo "2202"]
[PlyCount "74"]
[EventDate "2011.09.25"]
[EventType "team-tourn"]
[EventRounds "9"]
[EventCountry "GER"]
[SourceTitle "EXT 2020"]
[Source "ChessBase"]
[SourceDate "2019.10.17"]
[SourceVersion "1"]
[SourceVersionDate "2019.10.17"]
[SourceQuality "1"]
[WhiteTeam "Bochum SG III"]
[BlackTeam "Kamen SV"]
[WhiteTeamCountry "GER"]
[BlackTeamCountry "GER"]

1. Nf3 d5 2. g3 c5 3. Bg2 Nc6 4. 0-0 Nf6 5. d3 g6 6. Nbd2 Bg7 7. e4 0-0 8. c3 e5 9. Qb3 d4 10. Nc4 Qe7 11. Bd2 dxc3 12. Bxc3 Ne8 13. Bd2 Be6 14. Be3 b6 15. Ng5 Bd7 16. f4 exf4 17. gxf4 Nd4 18. Bxd4 Bxd4+ 19. Kh1 Bc6 20. Nf3 Rd8 21. Nfe5 Ba8 22. a4 Nc7 23. Rf3 Ne6 24. f5 Bxe5 25. fxe6 Qxe6 26. a5 Kg7 27. axb6 axb6 28. Ra7 Kh8 29. Qxb6 Qxb6 30. Nxb6 Bc6 31. Nc4 Bg7 32. Rc7 Bb5 33. b3 Bd4 34. Rfxf7 Rxf7 35. Rxf7 Bxc4 36. bxc4 Kg8 37. Rf3 Rf8 1/2-1/2

[Event "Ruhrgebiet Regionalliga 1112"]
[Site "Nordrheinwestfalen"]
[Date "2011.09.25"]
[Round "1.3"]
[White "Bartel, Mario"]
[Black "Niermann, Michael"]
[Result "1/2-1/2"]
[WhiteElo "2052"]
[BlackElo "2182"]
[PlyCount "114"]
[EventDate "2011.09.25"]
[EventType "team-tourn"]
[EventRounds "9"]
[EventCountry "GER"]
[SourceTitle "EXT 2020"]
[Source "ChessBase"]
[SourceDate "2019.10.17"]
[SourceVersion "1"]
[SourceVersionDate "2019.10.17"]
[SourceQuality "1"]
[WhiteTeam "Wattenscheid SV III"]
[BlackTeam "Bochum SG III"]
[WhiteTeamCountry "GER"]
[BlackTeamCountry "GER"]

1. e4 c6 2. d4 d5 3. e5 Bf5 4. Nf3 e6 5. Be2 Ne7 6. 0-0 Bg4 7. b3 Nf5 8. a4 Be7 9. Nc3 Nd7 10. Bb2 Nf8 11. Ne1 Bxe2 12. Nxe2 Ng6 13. Qd3 h5 14. f4 Qb6 15. Nf3 Qa6 16. c4 Rd8 17. Qc3 h4 18. Ba3 Bxa3 19. Rxa3 b5 20. cxb5 cxb5 21. Qb4 bxa4 22. Qxa4+ Qxa4 23. Rxa4 Rb8 24. Rxa7 Rxb3 25. Ra8+ Ke7 26. Ra7+ Ke8 27. Rc1 Nfe7 28. Rcc7 f6 29. f5 exf5 30. e6 Rb8 31. Nf4 Rh7 32. Rd7 Nxf4 33. Rxe7+ Kf8 34. Rf7+ Kg8 35. Rfb7 Re8 36. Re7 Rb8 37. Rab7 Ra8 38. g3 hxg3 39. hxg3 Ng6 40. Ra7 Rxa7 41. Rxa7 Kf8 42. Kg2 Ke8 43. Rd7 f4 44. Rxd5 Ke7 45. Ra5 Kxe6 46. Ra6+ Kd5 47. Ra5+ Ke4 48. Ra7 fxg3 49. Kxg3 Nf8 50. Re7+ Kd5 51. Re8 Ne6 52. Kg4 g6 53. Rg8 f5+ 54. Kg3 Rg7 55. Rxg7 Nxg7 56. Nh4 g5 57. Nxf5 Nxf5+ 1/2-1/2

[Event "Ruhrgebiet Regionalliga 1011"]
[Site "Nordrheinwestfalen"]
[Date "2010.09.19"]
[Round "1.2"]
[White "Niermann, Michael"]
[Black "Dewenter, Ulf"]
[Result "1/2-1/2"]
[WhiteElo "2142"]
[BlackElo "2101"]
[PlyCount "117"]
[EventDate "2010.09.19"]
[EventType "team-tourn"]
[EventRounds "9"]
[EventCountry "GER"]
[SourceTitle "EXT 2020"]
[Source "ChessBase"]
[SourceDate "2019.10.17"]
[SourceVersion "1"]
[SourceVersionDate "2019.10.17"]
[SourceQuality "1"]
[WhiteTeam "Bochum SG III"]
[BlackTeam "Weisse Dame Borbeck"]
[WhiteTeamCountry "GER"]
[BlackTeamCountry "GER"]

1. Nf3 f5 2. g3 Nf6 3. Bg2 g6 4. 0-0 Bg7 5. d4 0-0 6. Nc3 d5 7. Ne5 Be6 8. Nd3 Nbd7 9. Nf4 Bf7 10. Nfxd5 Nxd5 11. Nxd5 c6 12. Nf4 Qb6 13. c3 Rad8 14. Qc2 e5 15. dxe5 Nxe5 16. Nd3 Rfe8 17. Be3 Qb5 18. a4 Qc4 19. Nxe5 Rxe5 20. Rfd1 Rde8 21. Rd7 R5e7 22. Rxe7 Rxe7 23. Rd1 h6 24. Bf3 a5 25. Rd8+ Kh7 26. Qd1 Qb3 27. Bc5 Qxd1+ 28. Rxd1 Bb3 29. Rd8 Rf7 30. Ra8 Bxa4 31. Rxa5 Bb5 32. Ra8 Rd7 33. Re8 g5 34. g4 Kg6 35. Re6+ Bf6 36. Bd4 Rf7 37. Bxf6 Rxf6 38. Re7 fxg4 39. Bxg4 h5 40. Bf3 g4 41. Be4+ Kg5 42. Bd3 Bxd3 43. exd3 b5 44. Re5+ Kg6 45. d4 h4 46. Kg2 Rf3 47. Re3 h3+ 48. Kf1 Rf6 49. f3 Kg5 50. Kf2 Kh4 51. b3 Rf7 52. c4 bxc4 53. bxc4 Rf4 54. Rd3 gxf3 55. d5 cxd5 56. cxd5 Kg4 57. d6 Rf8 58. d7 Rd8 59. Rd4+ 1/2-1/2

[Event "Ruhrgebiet VL1 0708"]
[Site "Germany"]
[Date "2007.12.09"]
[Round "4.2"]
[White "Niermann, Michael"]
[Black "Dergatschova, Anna"]
[Result "1/2-1/2"]
[WhiteElo "2237"]
[BlackElo "2230"]
[PlyCount "104"]
[EventDate "2007.09.02"]
[EventType "team"]
[EventRounds "9"]
[EventCountry "GER"]
[SourceTitle "EXT 2009"]
[Source "ChessBase"]
[SourceDate "2008.11.26"]
[SourceVersion "1"]
[SourceVersionDate "2008.11.26"]
[SourceQuality "1"]
[WhiteTeam "Bochum 31 III"]
[BlackTeam "Holsterhausen "]
[WhiteTeamCountry "GER"]
[BlackTeamCountry "GER"]

1. Nf3 d5 2. g3 Nc6 3. c4 d4 4. d3 e5 5. Bg2 f5 6. 0-0 Nf6 7. e3 dxe3 8. Bxe3 Be7 9. Nc3 0-0 10. Nd5 Nxd5 11. cxd5 Qxd5 12. Ng5 e4 13. dxe4 Qxd1 14. Raxd1 h6 15. Nf3 fxe4 16. Nd4 Nxd4 17. Rxd4 Bf5 18. Bxe4 Bxe4 19. Rxe4 Bf6 20. Rc1 c6 21. Rd1 b6 22. b4 Rfe8 23. Rc4 Re6 24. Rd7 a5 25. bxa5 b5 26. Rc2 Rxa5 27. Bc5 Ra4 28. a3 Rc4 29. Rxc4 Re1+ 30. Kg2 bxc4 31. Rd6 Bb2 32. Rxc6 Ra1 33. Rc7 Be5 34. Rc8+ Kh7 35. f4 Ra2+ 36. Kh3 Bf6 37. Bb4 c3 38. Rc7 Rc2 39. a4 Bd4 40. a5 h5 41. Bc5 Bxc5 42. Rxc5 g6 43. Rc6 Ra2 44. Rxc3 Rxa5 45. Rc7+ Kh6 46. Kh4 Rb5 47. h3 Rf5 48. Re7 Rf6 49. Re4 Rf7 50. g4 Rxf4 51. Rxf4 g5+ 52. Kg3 gxf4+ 1/2-1/2

[Event "Oberliga NRW 0001 playoff"]
[Site "NRW"]
[Date "2001.06.11"]
[Round "1.4"]
[White "Kurr, Gerd"]
[Black "Niermann, Michael"]
[Result "0-1"]
[WhiteElo "2256"]
[BlackElo "2250"]
[PlyCount "78"]
[EventDate "2001.06.11"]
[EventType "team"]
[EventRounds "1"]
[EventCountry "GER"]
[SourceTitle "EXT 2006"]
[Source "ChessBase"]
[SourceDate "2005.11.24"]
[SourceVersion "1"]
[SourceVersionDate "2005.11.24"]
[SourceQuality "1"]
[WhiteTeam "Elberfeld"]
[BlackTeam "Bochum II"]
[WhiteTeamCountry "GER"]
[BlackTeamCountry "GER"]

1. Nf3 Nf6 2. c4 g6 3. Nc3 Bg7 4. e4 d6 5. d4 0-0 6. Be2 c5 7. 0-0 Nc6 8. d5 Na5 9. Rb1 Bg4 10. Nd2 Bxe2 11. Qxe2 a6 12. a3 Qc7 13. f4 Nd7 14. Rf3 Rac8 15. Rh3 e6 16. Qg4 Rfe8 17. dxe6 fxe6 18. Nf3 Bxc3 19. bxc3 Nf6 20. Qh4 Nxe4 21. Ng5 Nxg5 22. fxg5 Re7 23. Rf3 Rf8 24. Rf6 Ref7 25. Be3 Qe7 26. Rbf1 Nc6 27. R1f3 Ne5 28. Rh3 h5 29. Rxf7 Qxf7 30. Bf2 Qf5 31. Re3 Ng4 32. Rf3 Qb1+ 33. Be1 Rxf3 34. gxf3 Ne5 35. Kg2 Qd3 36. Qh3 Qe2+ 37. Bf2 Nd3 38. Qg3 e5 39. a4 Nf4+ 0-1

[Event "Oberliga NRW 0001 II"]
[Site "NRW"]
[Date "2001.04.22"]
[Round "8.5"]
[White "Petersen, Carsten"]
[Black "Niermann, Michael"]
[Result "0-1"]
[WhiteElo "1957"]
[BlackElo "2182"]
[PlyCount "116"]
[EventDate "2000.09.24"]
[EventType "team"]
[EventRounds "9"]
[EventCountry "GER"]
[SourceTitle "EXT 2006"]
[Source "ChessBase"]
[SourceDate "2005.11.24"]
[SourceVersion "1"]
[SourceVersionDate "2005.11.24"]
[SourceQuality "1"]
[WhiteTeam "Enger Spenge"]
[BlackTeam "Bochum II"]
[WhiteTeamCountry "GER"]
[BlackTeamCountry "GER"]

1. d4 Nf6 2. c4 g6 3. Nc3 Bg7 4. Nf3 0-0 5. g3 c5 6. Bg2 d6 7. 0-0 Nc6 8. d5 Na5 9. Nd2 a6 10. Qc2 b5 11. cxb5 axb5 12. Nxb5 Ba6 13. Nc3 Qb6 14. Rb1 c4 15. Nf3 Bb7 16. Be3 Qb4 17. Rfd1 Bc8 18. Nd4 Ng4 19. Bf4 Qc5 20. Qd2 Bf5 21. Rbc1 Rfb8 22. h3 Bxd4 23. Qxd4 Qxd4 24. Rxd4 Nf6 25. Rd2 Bc8 26. Be3 Rb4 27. Bd4 Nd7 28. Kh2 Rab8 29. Nb1 Ba6 30. Be4 Nc5 31. Bxc5 dxc5 32. Rcc2 Nb7 33. Nc3 Nd6 34. Bg2 Nb5 35. Nxb5 Bxb5 36. b3 cxb3 37. axb3 Rxb3 38. Rxc5 Rd8 39. Rc7 Kf8 40. d6 Rxd6 41. Rxd6 exd6 42. Rxf7+ Kxf7 43. Bd5+ Kf6 44. Bxb3 Bxe2 45. f4 Kf5 46. Bd5 h5 47. h4 Bd3 48. Kg1 Be4 49. Bb3 Kg4 50. Kf2 Kh3 51. Bc4 d5 52. Bf1+ Kh2 53. Ba6 d4 54. Bc8 Bf5 55. Ba6 d3 56. Bb7 d2 57. Bf3 Bc2 58. f5 Bxf5 0-1

[Event "Oberliga NRW 0001 II"]
[Site "NRW"]
[Date "2001.01.14"]
[Round "5.5"]
[White "Niermann, Michael"]
[Black "Buscher, Michael"]
[Result "1-0"]
[WhiteElo "2182"]
[BlackElo "2275"]
[PlyCount "79"]
[EventDate "2000.09.24"]
[EventType "team"]
[EventRounds "9"]
[EventCountry "GER"]
[SourceTitle "EXT 2006"]
[Source "ChessBase"]
[SourceDate "2005.11.24"]
[SourceVersion "1"]
[SourceVersionDate "2005.11.24"]
[SourceQuality "1"]
[WhiteTeam "Bochum II"]
[BlackTeam "Lohmar"]
[WhiteTeamCountry "GER"]
[BlackTeamCountry "GER"]

1. Nf3 c5 2. g3 Nc6 3. Bg2 g6 4. 0-0 Bg7 5. e4 d6 6. d3 e6 7. c3 Nge7 8. h4 h6 9. Be3 0-0 10. Na3 Kh7 11. Qc1 b6 12. Rd1 d5 13. d4 c4 14. e5 Nf5 15. Bf4 Bd7 16. Nh2 f6 17. exf6 Qxf6 18. Qd2 Rf7 19. Re1 Raf8 20. Nf3 Qd8 21. Ne5 Nxe5 22. Bxe5 Bxe5 23. Rxe5 Nd6 24. Rf1 Rf5 25. Re2 Qf6 26. Nc2 Bc6 27. Ne3 Rh5 28. Ng4 Qe7 29. Ne5 Be8 30. Rfe1 Qg7 31. Ng4 Bd7 32. Ne5 Bc8 33. Qc2 Nf7 34. Nxf7 Qxf7 35. Bh3 Kh8 36. Bg4 g5 37. Bxh5 Qxh5 38. Re5 Qg4 39. Qe2 Qh3 40. hxg5 1-0

[Event "Oberliga NRW 0001 II"]
[Site "NRW"]
[Date "2000.10.29"]
[Round "2.4"]
[White "Zaitsev, Mikhail"]
[Black "Niermann, Michael"]
[Result "1-0"]
[WhiteElo "2399"]
[BlackElo "2182"]
[PlyCount "67"]
[EventDate "2000.09.24"]
[EventType "team"]
[EventRounds "9"]
[EventCountry "GER"]
[SourceTitle "EXT 2006"]
[Source "ChessBase"]
[SourceDate "2005.11.24"]
[SourceVersion "1"]
[SourceVersionDate "2005.11.24"]
[SourceQuality "1"]
[WhiteTeam "Brackel"]
[BlackTeam "Bochum II"]
[WhiteTeamCountry "GER"]
[BlackTeamCountry "GER"]

1. e4 c6 2. d4 d5 3. f3 g6 4. Nc3 Bg7 5. Be3 Na6 6. Qd2 Be6 7. Nge2 Nf6 8. Nf4 Nc7 9. 0-0-0 b5 10. e5 Nd7 11. h4 f6 12. exf6 Bxf6 13. Bd3 Bf7 14. h5 g5 15. Nh3 h6 16. f4 g4 17. Nf2 Rg8 18. Qe2 g3 19. Ng4 Bg7 20. Bg6 Nb6 21. f5 Nc4 22. Bxh6 Qd6 23. Bxg7 Qb4 24. Bxf7+ Kd8 25. Qxc4 bxc4 26. Bxg8 Rb8 27. Kd2 Nb5 28. Be5 Qxb2 29. Nxb5 Rxb5 30. Rb1 Qxa2 31. Rxb5 cxb5 32. h6 b4 33. h7 b3 34. Ne3 1-0

[Event "BL2-West 9900"]
[Site "Germany"]
[Date "2000.03.26"]
[Round "8.8"]
[White "Niklasch, Oliver"]
[Black "Niermann, Michael"]
[Result "1-0"]
[WhiteElo "2363"]
[BlackElo "2253"]
[PlyCount "61"]
[EventDate "1999.10.10"]
[EventType "team-tourn"]
[EventRounds "9"]
[EventCountry "GER"]
[SourceTitle "CBM 075 Extra"]
[Source "ChessBase"]
[SourceDate "2000.05.11"]
[SourceVersion "2"]
[SourceVersionDate "2000.05.11"]
[SourceQuality "1"]
[WhiteTeam "Andernach"]
[BlackTeam "Bochum"]
[WhiteTeamCountry "GER"]
[BlackTeamCountry "GER"]

1. d4 Nf6 2. c4 g6 3. Nc3 Bg7 4. e4 d6 5. Nf3 0-0 6. Be2 c5 7. 0-0 Nc6 8. d5 Na5 9. Bf4 Bg4 10. Nd2 Bxe2 11. Qxe2 a6 12. Rab1 Rb8 13. h3 Nd7 14. Bg5 Re8 15. f4 Bf6 16. Nf3 e5 17. dxe6 Rxe6 18. Rbd1 Nc6 19. Qd2 Qa5 20. e5 dxe5 21. Qxd7 Rd8 22. Qxb7 Rb8 23. Qd7 Rd8 24. Qxe6 fxe6 25. Bxf6 Rxd1 26. Rxd1 Nd4 27. Bxe5 Qb4 28. Nxd4 cxd4 29. Rxd4 Qxb2 30. Ne4 Qxa2 31. Nf6+ 1-0

[Event "BL2-West 9900"]
[Site "Germany"]
[Date "2000.01.30"]
[Round "5.8"]
[White "Niermann, Michael"]
[Black "Michalczak, Thomas"]
[Result "1/2-1/2"]
[WhiteElo "2253"]
[BlackElo "2265"]
[PlyCount "123"]
[EventDate "1999.10.10"]
[EventType "team-tourn"]
[EventRounds "9"]
[EventCountry "GER"]
[SourceTitle "CBM 074 Extra"]
[Source "ChessBase"]
[SourceDate "2000.03.10"]
[SourceVersion "2"]
[SourceVersionDate "2000.03.10"]
[SourceQuality "1"]
[WhiteTeam "Bochum"]
[BlackTeam "Plettenberg"]
[WhiteTeamCountry "GER"]
[BlackTeamCountry "GER"]

1. Nf3 Nf6 2. g3 g6 3. Bg2 Bg7 4. 0-0 d6 5. d3 0-0 6. e4 e5 7. Nbd2 c5 8. c3 Nc6 9. a3 h6 10. b4 a6 11. Bb2 b5 12. a4 Be6 13. bxc5 dxc5 14. axb5 axb5 15. Qe2 Rxa1 16. Rxa1 Qb6 17. h3 Nd7 18. Kh2 Rd8 19. Bf1 Qb7 20. Qe3 Nb6 21. Bc1 Na4 22. c4 Nb4 23. Ne1 Kh7 24. Ba3 h5 25. Nb3 Qc7 26. Nxc5 Qxc5 27. Qxc5 Nxc5 28. Bxb4 Nb3 29. Rb1 Nd4 30. cxb5 Nxb5 31. Be7 Rd7 32. Bg5 Nd4 33. Kg2 f6 34. Be3 Kg8 35. Rb8+ Kf7 36. h4 Bf8 37. Nf3 Nxf3 38. Kxf3 Bg4+ 39. Kg2 Bd6 40. Ra8 Be7 41. Ra7 Rd8 42. Bc5 Rd7 43. Rxd7 Bxd7 44. Bxe7 Kxe7 45. Kf3 Kd6 46. Ke3 Kc5 47. Be2 Be6 48. Bd1 Bf7 49. Ba4 Kb4 50. Bd7 Kc5 51. f4 Kd6 52. Bc8 Kc5 53. Bd7 Kd6 54. Bb5 Kc5 55. Ba6 Be6 56. Bc4 exf4+ 57. Kxf4 Bxc4 58. dxc4 Kxc4 59. e5 Kd5 60. exf6 Ke6 61. Kg5 Kf7 62. g4 1/2-1/2

[Event "BL2-West 9900"]
[Site "Germany"]
[Date "1999.11.07"]
[Round "2.8"]
[White "Werner, Dimo"]
[Black "Niermann, Michael"]
[Result "1-0"]
[WhiteElo "2379"]
[BlackElo "2253"]
[PlyCount "61"]
[EventDate "1999.10.10"]
[EventType "team-tourn"]
[EventRounds "9"]
[EventCountry "GER"]
[SourceTitle "CBM 074 Extra"]
[Source "ChessBase"]
[SourceDate "2000.03.10"]
[SourceVersion "2"]
[SourceVersionDate "2000.03.10"]
[SourceQuality "1"]
[WhiteTeam "Neu Herne"]
[BlackTeam "Bochum"]
[WhiteTeamCountry "GER"]
[BlackTeamCountry "GER"]

1. e4 c6 2. d3 e5 3. g3 Nf6 4. Nd2 Bc5 5. Bg2 d5 6. Ngf3 dxe4 7. dxe4 0-0 8. 0-0 Re8 9. h3 a5 10. Qe2 b5 11. Rd1 Qc7 12. a4 Ba6 13. Ne1 Nbd7 14. Nd3 b4 15. Qf3 Bd4 16. Ne1 Ba7 17. Bf1 Bxf1 18. Kxf1 Nc5 19. b3 Rad8 20. Bb2 Ne6 21. c3 Ng5 22. Qf5 Rxd2 23. Rxd2 Ngxe4 24. Rc2 bxc3 25. Bxc3 Nxc3 26. Rxc3 Bd4 27. Rac1 Bxc3 28. Rxc3 Nd5 29. Rc5 e4 30. Qxd5 e3 31. Qxc6 1-0

[Event "Oberliga NRW 9899 I"]
[Site "Germany"]
[Date "1998.12.03"]
[Round "3.8"]
[White "Niermann, Michael"]
[Black "Fridman, Rafael"]
[Result "0-1"]
[WhiteElo "2265"]
[BlackElo "2295"]
[PlyCount "100"]
[EventDate "1998.10.10"]
[EventType "team"]
[EventRounds "9"]
[EventCountry "GER"]
[SourceTitle "EXT 2000"]
[Source "ChessBase"]
[SourceDate "1999.11.16"]
[SourceVersion "1"]
[SourceVersionDate "1999.11.16"]
[SourceQuality "1"]
[WhiteTeam "Bochum II"]
[BlackTeam "Essen Borbeck"]
[WhiteTeamCountry "GER"]
[BlackTeamCountry "GER"]

1. Nf3 d6 2. g3 e5 3. d3 g6 4. Bg2 Bg7 5. 0-0 Ne7 6. e4 0-0 7. c3 Nbc6 8. a4 d5 9. exd5 Nxd5 10. Na3 h6 11. Re1 Re8 12. Nc4 Nb6 13. Ne3 a5 14. Qc2 Be6 15. Nd2 Nd5 16. Nec4 Qd7 17. Nb3 b6 18. Be3 Rad8 19. Rad1 f5 20. f4 exf4 21. gxf4 Nxe3 22. Rxe3 Ne7 23. Rde1 Nd5 24. Bxd5 Bxd5 25. Ne5 Bxe5 26. Rxe5 Rxe5 27. Rxe5 Qxa4 28. c4 Bf7 29. Qc3 Qd7 30. Nc1 c6 31. Re3 Qd4 32. Qxd4 Rxd4 33. Ne2 Rd7 34. Kf2 b5 35. cxb5 cxb5 36. Re5 b4 37. d4 Rc7 38. Rc5 Ra7 39. Rb5 Bc4 40. Rb8+ Kf7 41. Nc1 Rd7 42. Ke3 Re7+ 43. Kd2 Re4 44. Rb7+ Ke8 45. Rb8+ Kd7 46. Rb7+ Kc6 47. Rg7 Rxd4+ 48. Kc2 Rd6 49. Nb3 Bd3+ 50. Kc1 a4 0-1

[Event "Oberliga NRW 9798 I"]
[Site "Germany"]
[Date "1998.??.??"]
[Round "5.5"]
[White "Niermann, Michael"]
[Black "Sicherl, Peter"]
[Result "0-1"]
[WhiteElo "2265"]
[BlackElo "2225"]
[PlyCount "114"]
[EventDate "1997.10.??"]
[EventType "team"]
[EventRounds "9"]
[EventCountry "GER"]
[SourceTitle "EXT 1999"]
[Source "ChessBase"]
[SourceDate "1998.11.16"]
[SourceVersion "1"]
[SourceVersionDate "1998.11.16"]
[SourceQuality "1"]
[WhiteTeam "Bochum II"]
[BlackTeam "Muenster II"]
[WhiteTeamCountry "GER"]
[BlackTeamCountry "GER"]

1. Nf3 Nf6 2. g3 g6 3. Bg2 Bg7 4. 0-0 0-0 5. d3 c5 6. e4 Nc6 7. Nc3 d6 8. h3 Rb8 9. a4 a6 10. Be3 b5 11. axb5 axb5 12. Qd2 Re8 13. Bh6 Bh8 14. Ng5 b4 15. Ne2 Nd7 16. Rab1 Nd4 17. f4 Nxe2+ 18. Qxe2 e6 19. Kh1 Bb7 20. g4 f6 21. Nf3 e5 22. f5 Bg7 23. Bxg7 Kxg7 24. h4 Rf8 25. Rf2 Rf7 26. Rbf1 gxf5 27. gxf5 Kh8 28. Nh2 Rg7 29. Qh5 Ra8 30. Bf3 Qe7 31. Ng4 c4 32. dxc4 Nc5 33. Re1 Bc6 34. b3 Rf8 35. Rg2 Qb7 36. Nf2 Rxg2 37. Bxg2 Rg8 38. Qf3 Qg7 39. Kh2 Qh6 40. Kh3 Qd2 41. Re2 Qh6 42. Nd3 Be8 43. Qe3 Qg7 44. Qf2 Nxd3 45. cxd3 Bh5 46. Re1 Qg4+ 47. Kh2 Ra8 48. Bf1 Ra2 49. Qxa2 Qxh4+ 50. Kg2 Qxe1 51. Qa7 Qd2+ 52. Kh3 Qf4 53. Qg1 Qh6 54. Qb6 Bd1+ 55. Kg2 Qg5+ 56. Kf2 Qh4+ 57. Ke3 Qf4# 0-1

[Event "Oberliga NRW 9798 I"]
[Site "Germany"]
[Date "1997.??.??"]
[Round "3.5"]
[White "Niermann, Michael"]
[Black "Auer, Martin"]
[Result "1/2-1/2"]
[WhiteElo "2265"]
[BlackElo "2340"]
[PlyCount "104"]
[EventDate "1997.10.??"]
[EventType "team"]
[EventRounds "9"]
[EventCountry "GER"]
[SourceTitle "EXT 1999"]
[Source "ChessBase"]
[SourceDate "1998.11.16"]
[SourceVersion "1"]
[SourceVersionDate "1998.11.16"]
[SourceQuality "1"]
[WhiteTeam "Bochum II"]
[BlackTeam "Solingen II"]
[WhiteTeamCountry "GER"]
[BlackTeamCountry "GER"]

1. Nf3 Nf6 2. g3 d5 3. Bg2 Bf5 4. d3 c6 5. 0-0 h6 6. c4 e6 7. Be3 Be7 8. Qb3 Qc8 9. Nc3 Na6 10. Rac1 Nc7 11. Nd4 Bh7 12. Bf4 dxc4 13. Qxc4 Ncd5 14. Be5 0-0 15. Bh3 Nb6 16. Qb3 Qd8 17. a4 Nfd7 18. Nf3 Nxe5 19. Nxe5 Qd6 20. Nc4 Nxc4 21. Qxc4 Rfd8 22. Ne4 Qe5 23. Qb3 Rab8 24. Rc4 a5 25. Bg2 Bb4 26. Bf3 Bg6 27. Nc3 f5 28. Na2 Bc5 29. Rfc1 Ba7 30. e3 Bf7 31. Qa3 Qf6 32. d4 e5 33. dxe5 Qxe5 34. R4c2 Qe6 35. Nc3 Rd7 36. Rd1 Rxd1+ 37. Nxd1 f4 38. exf4 Qe1+ 39. Kg2 Rd8 40. Ne3 Re8 41. Re2 Qc1 42. Rc2 Qe1 43. Re2 Qc1 44. Qc3 Qxc3 45. bxc3 Bb3 46. Nc4 Rxe2 47. Bxe2 Bxc4 48. Bxc4+ Kf8 49. Kf3 Ke7 50. g4 g5 51. f5 Bb8 52. h3 Be5 1/2-1/2

[Event "Ghent op 20th"]
[Site "Ghent"]
[Date "1997.??.??"]
[Round "7"]
[White "Wall, Gavin"]
[Black "Niermann, Michael"]
[Result "1-0"]
[WhiteElo "2330"]
[BlackElo "2265"]
[PlyCount "75"]
[EventDate "1997.??.??"]
[EventType "swiss"]
[EventRounds "9"]
[EventCountry "BEL"]
[SourceTitle "EXT 1998"]
[Source "ChessBase"]
[SourceDate "1997.11.17"]
[SourceVersion "1"]
[SourceVersionDate "1997.11.17"]
[SourceQuality "1"]

1. e4 c6 2. d4 d5 3. e5 Bf5 4. h4 h5 5. c4 e6 6. Nc3 Nd7 7. Nf3 Ne7 8. Bg5 Qa5 9. c5 f6 10. Bd2 Qc7 11. exf6 gxf6 12. b4 e5 13. Be2 Bg4 14. dxe5 Nxe5 15. Nd4 Rg8 16. Bf4 Nd3+ 17. Qxd3 Qxf4 18. g3 Bxe2 19. Ncxe2 Qe5 20. 0-0-0 a5 21. b5 cxb5 22. f4 Qc7 23. Ne6 Qd7 24. N2d4 b4 25. Rhe1 b6 26. Qh7 bxc5 27. Qxh5+ Rg6 28. Nxc5 Qg4 29. Qxd5 Rd8 30. Qe4 Qxg3 31. Nce6 Qa3+ 32. Kb1 b3 33. Nxb3 Rb8 34. Qc4 Bh6 35. Nec5 Bf8 36. Nd7 Qb4 37. Qc7 Ra8 38. Qc6 1-0

[Event "Boeblingen op 12th"]
[Site "Boeblingen"]
[Date "1995.??.??"]
[Round "?"]
[White "Kluss, Kai"]
[Black "Niermann, Michael"]
[Result "1/2-1/2"]
[WhiteElo "2225"]
[BlackElo "2285"]
[PlyCount "47"]
[EventDate "1995.12.??"]
[EventType "swiss"]
[EventRounds "9"]
[EventCountry "GER"]
[SourceTitle "EXT 2006"]
[Source "ChessBase"]
[SourceDate "2005.11.24"]
[SourceVersion "1"]
[SourceVersionDate "2005.11.24"]
[SourceQuality "1"]

1. Nf3 Nf6 2. c4 g6 3. Nc3 Bg7 4. e4 d6 5. d4 0-0 6. Be2 c5 7. 0-0 Nc6 8. d5 Na5 9. h3 e6 10. Bf4 e5 11. Bg5 h6 12. Bd2 a6 13. Qe1 b6 14. Qc1 Kh7 15. Qb1 Bd7 16. b4 Nb7 17. a3 Nh5 18. Rc1 Nf4 19. Bf1 Rb8 20. Ra2 f5 21. Ne1 fxe4 22. Nxe4 Bf5 23. Kh2 Nh5 24. Bd3 1/2-1/2

[Event "Boeblingen op 12th"]
[Site "Boeblingen"]
[Date "1995.??.??"]
[Round "?"]
[White "Koehler, Ronald"]
[Black "Niermann, Michael"]
[Result "1/2-1/2"]
[WhiteElo "2165"]
[BlackElo "2285"]
[PlyCount "35"]
[EventDate "1995.12.??"]
[EventType "swiss"]
[EventRounds "9"]
[EventCountry "GER"]
[SourceTitle "EXT 2006"]
[Source "ChessBase"]
[SourceDate "2005.11.24"]
[SourceVersion "1"]
[SourceVersionDate "2005.11.24"]
[SourceQuality "1"]

1. e4 c6 2. Nc3 d5 3. Nf3 dxe4 4. Nxe4 Nf6 5. Qe2 Nxe4 6. Qxe4 Qd5 7. Qf4 Qf5 8. d3 g6 9. c3 Bg7 10. d4 0-0 11. Bc4 Qxf4 12. Bxf4 Nd7 13. 0-0 Nb6 14. Bb3 a5 15. a4 Nd5 16. Bg3 Bg4 17. Nd2 Be6 18. Rfe1 1/2-1/2

[Event "BL2-West 9495"]
[Site "Germany"]
[Date "1995.??.??"]
[Round "9.2"]
[White "Niermann, Michael"]
[Black "Balster, Stefan"]
[Result "1/2-1/2"]
[WhiteElo "2325"]
[BlackElo "2310"]
[PlyCount "25"]
[EventDate "1994.10.??"]
[EventType "team-tourn"]
[EventRounds "9"]
[EventCountry "GER"]
[SourceTitle "GER-chT2"]
[Source "ChessBase"]
[SourceDate "1999.07.01"]
[SourceVersion "1"]
[SourceVersionDate "1999.07.01"]
[SourceQuality "1"]
[WhiteTeam "Bochum II"]
[BlackTeam "Gelsenkirchen"]
[WhiteTeamCountry "GER"]
[BlackTeamCountry "GER"]

1. Nf3 Nf6 2. g3 g6 3. Bg2 Bg7 4. 0-0 0-0 5. d3 c5 6. e4 d6 7. Nc3 Nc6 8. h3 Rb8 9. a4 Bd7 10. Be3 a6 11. Qd2 b5 12. axb5 axb5 13. Bh6 1/2-1/2